000 00334 a2200133 4500
082 _a658.8
_bKotler
090 _c6715
_d6715
245 _aPrinciples of Marketing.
_cKotler & Armstrong.
250 _a9th.
260 _aNew York.
_bwww.prenhall.com
_c1993.
300 _a785p.
500 _apaper cover.
942 _aNBS
_cBK
_k658.8 KOT
999 _c349065
_d349065